Top 10 Songs by Bad Company - Statistics

General Stats
  • This quiz has been taken 6 times
  • The average score is 3 of 10
Answer Stats
Hint Answer % Correct
3 Bad Company
100%
1 Feel Like Makin' Love
67%
4 Shooting Star
33%
2 Can't Get Enough
17%
5 Rock 'n' Roll Fantasy
17%
9 Silver, Blue and Gold
17%
10 Good Lovin' Gone Bad
0%
7 Movin' Up
0%
6 Ready For Love
0%
8 Run with the Pack
0%
No matching quizzes found
Score Distribution
Percent of People with Each Score
Percentile by Number Answered
Your Score History
You have not taken this quiz